[Event "DEM U14 2024"]
[Site "Willingen GER"]
[Date "2024.05.22"]
[Round "6"]
[White "Albrecht, Neil"]
[Black "Schwitkowski, Luka"]
[Result "1/2-1/2"]
[Termination "normal"]
[Board "9"]
[WhiteElo "1938"]
[BlackElo "2028"]
[WhiteClock "00:13:23"]
[BlackClock "00:05:43"]
[PlyCount "58"]
[WhiteFideId "34621091"]
[BlackFideId "34610669"]
[EventCountry "GER"]
[EventRounds "9"]
[EventType "swiss"]
[EventDate "2024.05.18"]

1. e4 {[%clk 01:30:54]} {[%emt 00:00:05]} c5 {[%clk 01:30:41]} {[%emt
00:00:19]} 2. Nf3 {[%clk 01:31:11]} {[%emt 00:00:14]} d6 {[%clk 01:30:53]}
{[%emt 00:00:17]} 3. d4 {[%clk 01:31:20]} {[%emt 00:00:21]} cxd4 {[%clk
01:31:14]} {[%emt 00:00:09]} 4. Nxd4 {[%clk 01:31:40]} {[%emt 00:00:10]} Nf6
{[%clk 01:31:35]} {[%emt 00:00:09]} 5. Nc3 {[%clk 01:31:56]} {[%emt 00:00:15]}
a6 {[%clk 01:31:58]} {[%emt 00:00:07]} 6. Bd3 {[%clk 01:31:54]} {[%emt
00:00:31]} e5 {[%clk 01:27:03]} {[%emt 00:05:25]} 7. Nde2 {[%clk 01:32:13]}
{[%emt 00:00:11]} Be7 {[%clk 01:20:12]} {[%emt 00:07:21]} 8. O-O {[%clk
01:29:50]} {[%emt 00:02:53]} O-O {[%clk 01:20:18]} {[%emt 00:00:24]} 9. Ng3
{[%clk 01:29:46]} {[%emt 00:00:34]} Be6 {[%clk 01:12:31]} {[%emt 00:08:17]} 10.
Nd5 {[%clk 01:29:58]} {[%emt 00:00:19]} Nxd5 {[%clk 00:52:01]} {[%emt
00:20:59]} 11. exd5 {[%clk 01:30:20]} {[%emt 00:00:08]} Bxd5 {[%clk 00:52:20]}
{[%emt 00:00:11]} 12. Bxh7+ {[%clk 01:30:41]} {[%emt 00:00:09]} Kxh7 {[%clk
00:52:38]} {[%emt 00:00:12]} 13. Qxd5 {[%clk 01:31:04]} {[%emt 00:00:07]} Qd7
{[%clk 00:52:25]} {[%emt 00:00:42]} 14. f4 {[%clk 01:19:13]} {[%emt 00:12:22]}
Qc6 {[%clk 00:30:12]} {[%emt 00:22:43]} 15. Qd3+ {[%clk 01:14:27]} {[%emt
00:05:15]} Kg8 {[%clk 00:29:23]} {[%emt 00:01:19]} 16. Nf5 {[%clk 01:07:41]}
{[%emt 00:07:17]} Re8 {[%clk 00:29:04]} {[%emt 00:00:48]} 17. Qg3 {[%clk
01:04:47]} {[%emt 00:03:23]} Bf6 {[%clk 00:20:38]} {[%emt 00:08:57]} 18. fxe5
{[%clk 01:00:47]} {[%emt 00:04:30]} Qc5+ {[%clk 00:09:32]} {[%emt 00:11:36]}
19. Be3 {[%clk 00:44:14]} {[%emt 00:17:04]} Qxe5 {[%clk 00:09:54]} {[%emt
00:00:07]} 20. Qf2 {[%clk 00:39:27]} {[%emt 00:06:40]} Nc6 {[%clk 00:09:39]}
{[%emt 00:00:06]} 21. c3 {[%clk 00:36:00]} {[%emt 00:03:12]} Re6 {[%clk
00:07:13]} {[%emt 00:02:57]} 22. Rad1 {[%clk 00:29:10]} {[%emt 00:07:20]} Rae8
{[%clk 00:07:01]} {[%emt 00:00:40]} 23. g4 {[%clk 00:23:20]} {[%emt 00:06:21]}
Qe4 {[%clk 00:05:31]} {[%emt 00:01:58]} 24. Bf4 {[%clk 00:18:13]} {[%emt
00:05:38]} Be5 {[%clk 00:05:31]} {[%emt 00:00:31]} 25. Ng3 {[%clk 00:15:46]}
{[%emt 00:02:57]} Qg6 {[%clk 00:05:39]} {[%emt 00:00:22]} 26. h3 {[%clk
00:14:52]} {[%emt 00:01:25]} Rf6 {[%clk 00:04:51]} {[%emt 00:01:18]} 27. Nh5
{[%clk 00:14:28]} {[%emt 00:00:53]} Rfe6 {[%clk 00:05:08]} {[%emt 00:00:14]}
28. Bxe5 {[%clk 00:14:14]} {[%emt 00:00:44]} dxe5 {[%clk 00:05:32]} {[%emt
00:00:05]} 29. Qe3 {[%clk 00:13:23]} {[%emt 00:01:21]} Rd6 {[%clk 00:05:43]}
{[%emt 00:00:19]} 1/2-1/2

[Event "DEM U14 2024"]
[Site "Willingen GER"]
[Date "2024.05.22"]
[Round "6"]
[White "Goldkuhle, Collin"]
[Black "Schuricht, Emil Frederick"]
[Result "1/2-1/2"]
[Termination "normal"]
[Board "10"]
[WhiteElo "1909"]
[BlackElo "2027"]
[WhiteClock "00:29:37"]
[BlackClock "00:25:56"]
[PlyCount "41"]
[WhiteFideId "16271106"]
[BlackFideId "16270185"]
[EventCountry "GER"]
[EventRounds "9"]
[EventType "swiss"]
[EventDate "2024.05.18"]

1. e4 {[%clk 01:30:52]} {[%emt 00:00:07]} c6 {[%clk 01:30:52]} {[%emt
00:00:08]} 2. d4 {[%clk 01:31:15]} {[%emt 00:00:07]} d5 {[%clk 01:31:18]}
{[%emt 00:00:04]} 3. Nd2 {[%clk 01:31:41]} {[%emt 00:00:04]} dxe4 {[%clk
01:31:45]} {[%emt 00:00:04]} 4. Nxe4 {[%clk 01:32:05]} {[%emt 00:00:06]} Nf6
{[%clk 01:32:10]} {[%emt 00:00:04]} 5. Nxf6+ {[%clk 01:32:07]} {[%emt
00:00:28]} exf6 {[%clk 01:32:35]} {[%emt 00:00:05]} 6. c3 {[%clk 01:32:16]}
{[%emt 00:00:22]} Bd6 {[%clk 01:33:01]} {[%emt 00:00:04]} 7. Bd3 {[%clk
01:32:35]} {[%emt 00:00:11]} O-O {[%clk 01:33:26]} {[%emt 00:00:05]} 8. Ne2
{[%clk 01:31:57]} {[%emt 00:01:08]} Re8 {[%clk 01:33:50]} {[%emt 00:00:05]} 9.
O-O {[%clk 01:32:09]} {[%emt 00:00:17]} Nd7 {[%clk 01:34:13]} {[%emt 00:00:08]}
10. Ng3 {[%clk 01:30:05]} {[%emt 00:02:34]} Nf8 {[%clk 01:31:33]} {[%emt
00:03:10]} 11. Qf3 {[%clk 01:25:16]} {[%emt 00:05:19]} Ne6 {[%clk 01:22:06]}
{[%emt 00:09:57]} 12. h3 {[%clk 01:18:56]} {[%emt 00:06:50]} Be7 {[%clk
01:07:27]} {[%emt 00:15:09]} 13. Bc2 {[%clk 01:14:37]} {[%emt 00:04:49]} g6
{[%clk 01:04:13]} {[%emt 00:03:44]} 14. Bh6 {[%clk 01:12:18]} {[%emt 00:02:49]}
Bd7 {[%clk 00:56:27]} {[%emt 00:08:16]} 15. Rad1 {[%clk 01:10:00]} {[%emt
00:02:48]} Qb6 {[%clk 00:46:10]} {[%emt 00:10:46]} 16. Rb1 {[%clk 01:01:52]}
{[%emt 00:08:39]} f5 {[%clk 00:40:40]} {[%emt 00:06:00]} 17. Rfe1 {[%clk
00:59:11]} {[%emt 00:03:11]} Qc7 {[%clk 00:33:15]} {[%emt 00:07:56]} 18. Rbd1
{[%clk 00:55:06]} {[%emt 00:04:34]} Rad8 {[%clk 00:30:18]} {[%emt 00:03:27]}
19. Bb1 {[%clk 00:46:10]} {[%emt 00:09:27]} b5 {[%clk 00:29:21]} {[%emt
00:01:26]} 20. b3 {[%clk 00:32:20]} {[%emt 00:14:20]} Ng5 {[%clk 00:25:56]}
{[%emt 00:03:55]} 21. Qd3 {[%clk 00:29:37]} {[%emt 00:03:14]} 1/2-1/2

[Event "DEM U14 2024"]
[Site "Willingen GER"]
[Date "2024.05.22"]
[Round "6"]
[White "Türel, Tugrul"]
[Black "Uyar, Levin"]
[Result "1-0"]
[Termination "normal"]
[Board "11"]
[WhiteElo "2070"]
[BlackElo "1868"]
[WhiteClock "00:00:38"]
[BlackClock "00:08:00"]
[PlyCount "79"]
[WhiteFideId "26338408"]
[BlackFideId "16282108"]
[EventCountry "GER"]
[EventRounds "9"]
[EventType "swiss"]
[EventDate "2024.05.18"]

1. e4 {[%clk 01:30:57]} {[%emt 00:00:02]} e5 {[%clk 01:30:56]} {[%emt
00:00:05]} 2. Nf3 {[%clk 01:31:24]} {[%emt 00:00:04]} Nc6 {[%clk 01:31:21]}
{[%emt 00:00:04]} 3. Bc4 {[%clk 01:31:50]} {[%emt 00:00:04]} Nf6 {[%clk
01:31:46]} {[%emt 00:00:05]} 4. d3 {[%clk 01:32:16]} {[%emt 00:00:04]} Bc5
{[%clk 01:32:09]} {[%emt 00:00:06]} 5. c3 {[%clk 01:32:01]} {[%emt 00:00:45]}
d6 {[%clk 01:32:34]} {[%emt 00:00:05]} 6. Nbd2 {[%clk 01:31:51]} {[%emt
00:00:40]} a6 {[%clk 01:32:55]} {[%emt 00:00:09]} 7. Bb3 {[%clk 01:31:56]}
{[%emt 00:00:25]} Ba7 {[%clk 01:33:09]} {[%emt 00:00:16]} 8. O-O {[%clk
01:32:14]} {[%emt 00:00:12]} O-O {[%clk 01:33:18]} {[%emt 00:00:21]} 9. h3
{[%clk 01:31:47]} {[%emt 00:00:57]} h6 {[%clk 01:33:18]} {[%emt 00:00:30]} 10.
Re1 {[%clk 01:32:12]} {[%emt 00:00:05]} Be6 {[%clk 01:33:19]} {[%emt 00:00:29]}
11. Bc2 {[%clk 01:32:35]} {[%emt 00:00:08]} Re8 {[%clk 01:33:32]} {[%emt
00:00:16]} 12. Nf1 {[%clk 01:33:00]} {[%emt 00:00:05]} d5 {[%clk 01:33:29]}
{[%emt 00:00:33]} 13. exd5 {[%clk 01:33:08]} {[%emt 00:00:22]} Bxd5 {[%clk
01:31:07]} {[%emt 00:02:52]} 14. Be3 {[%clk 01:32:34]} {[%emt 00:01:04]} Bxe3
{[%clk 01:26:11]} {[%emt 00:05:27]} 15. Nxe3 {[%clk 01:32:48]} {[%emt
00:00:15]} Qd7 {[%clk 01:25:05]} {[%emt 00:01:36]} 16. Nxd5 {[%clk 01:30:48]}
{[%emt 00:02:30]} Nxd5 {[%clk 01:21:32]} {[%emt 00:04:03]} 17. d4 {[%clk
01:30:39]} {[%emt 00:00:39]} exd4 {[%clk 01:20:49]} {[%emt 00:01:14]} 18. Qd3
{[%clk 01:23:50]} {[%emt 00:07:18]} Nf6 {[%clk 01:19:55]} {[%emt 00:01:23]} 19.
Nxd4 {[%clk 01:21:27]} {[%emt 00:02:54]} Nxd4 {[%clk 01:13:21]} {[%emt
00:07:04]} 20. Qxd4 {[%clk 01:20:47]} {[%emt 00:01:10]} Qxd4 {[%clk 01:12:01]}
{[%emt 00:01:50]} 21. cxd4 {[%clk 01:21:15]} {[%emt 00:00:02]} Rxe1+ {[%clk
01:10:00]} {[%emt 00:02:31]} 22. Rxe1 {[%clk 01:21:42]} {[%emt 00:00:02]} Kf8
{[%clk 01:10:10]} {[%emt 00:00:21]} 23. Kf1 {[%clk 01:17:27]} {[%emt 00:04:45]}
Rd8 {[%clk 01:09:29]} {[%emt 00:01:12]} 24. Rd1 {[%clk 01:17:10]} {[%emt
00:00:46]} Rd6 {[%clk 01:06:26]} {[%emt 00:03:33]} 25. g3 {[%clk 01:11:42]}
{[%emt 00:05:59]} h5 {[%clk 01:04:02]} {[%emt 00:02:54]} 26. h4 {[%clk
01:01:40]} {[%emt 00:10:31]} g6 {[%clk 01:00:59]} {[%emt 00:03:33]} 27. Rd2
{[%clk 00:43:20]} {[%emt 00:18:50]} c5 {[%clk 00:57:12]} {[%emt 00:04:17]} 28.
Ke2 {[%clk 00:38:38]} {[%emt 00:05:13]} cxd4 {[%clk 00:56:57]} {[%emt
00:00:44]} 29. Kd3 {[%clk 00:39:00]} {[%emt 00:00:08]} b5 {[%clk 00:50:09]}
{[%emt 00:07:18]} 30. Bb3 {[%clk 00:24:00]} {[%emt 00:15:31]} Kg7 {[%clk
00:41:25]} {[%emt 00:09:13]} 31. a4 {[%clk 00:14:08]} {[%emt 00:10:23]} Nd7
{[%clk 00:39:43]} {[%emt 00:02:11]} 32. axb5 {[%clk 00:09:43]} {[%emt
00:04:56]} axb5 {[%clk 00:39:59]} {[%emt 00:00:14]} 33. Rc2 {[%clk 00:09:24]}
{[%emt 00:00:48]} Ne5+ {[%clk 00:38:00]} {[%emt 00:02:29]} 34. Ke4 {[%clk
00:09:39]} {[%emt 00:00:15]} Nc6 {[%clk 00:33:30]} {[%emt 00:05:00]} 35. Rc5
{[%clk 00:08:16]} {[%emt 00:01:54]} d3 {[%clk 00:29:03]} {[%emt 00:04:56]} 36.
Bd1 {[%clk 00:00:36]} {[%emt 00:08:10]} d2 {[%clk 00:16:15]} {[%emt 00:13:18]}
37. Rxb5 {[%clk 00:00:39]} {[%emt 00:00:28]} Ne7 {[%clk 00:15:38]} {[%emt
00:01:06]} 38. Rb3 {[%clk 00:00:34]} {[%emt 00:00:36]} Re6+ {[%clk 00:08:33]}
{[%emt 00:07:35]} 39. Kd3 {[%clk 00:00:52]} {[%emt 00:00:12]} Rf6 {[%clk
00:08:00]} {[%emt 00:01:03]} 40. Ke2 {[%clk 00:00:38]} 1-0

[Event "DEM U14 2024"]
[Site "Willingen GER"]
[Date "2024.05.22"]
[Round "6"]
[White "Dodul, Arthur"]
[Black "Herrmann, Jakob"]
[Result "1/2-1/2"]
[Termination "normal"]
[Board "12"]
[WhiteElo "1789"]
[BlackElo "2060"]
[WhiteClock "00:43:12"]
[BlackClock "00:34:47"]
[PlyCount "50"]
[WhiteFideId "34609016"]
[BlackFideId "16287169"]
[EventCountry "GER"]
[EventRounds "9"]
[EventType "swiss"]
[EventDate "2024.05.18"]

1. e4 {[%clk 01:30:57]} {[%emt 00:00:02]} c6 {[%clk 01:30:55]} {[%emt
00:00:05]} 2. d4 {[%clk 01:31:24]} {[%emt 00:00:04]} d5 {[%clk 01:31:21]}
{[%emt 00:00:04]} 3. exd5 {[%clk 01:31:49]} {[%emt 00:00:05]} cxd5 {[%clk
01:31:47]} {[%emt 00:00:03]} 4. Bd3 {[%clk 01:32:12]} {[%emt 00:00:07]} Nc6
{[%clk 01:32:13]} {[%emt 00:00:05]} 5. c3 {[%clk 01:32:37]} {[%emt 00:00:04]}
Nf6 {[%clk 01:32:41]} {[%emt 00:00:02]} 6. Bf4 {[%clk 01:33:02]} {[%emt
00:00:06]} Bg4 {[%clk 01:33:06]} {[%emt 00:00:04]} 7. Nf3 {[%clk 01:33:26]}
{[%emt 00:00:06]} e6 {[%clk 01:33:19]} {[%emt 00:00:17]} 8. Nbd2 {[%clk
01:33:50]} {[%emt 00:00:06]} Bd6 {[%clk 01:33:04]} {[%emt 00:00:46]} 9. Bxd6
{[%clk 01:34:16]} {[%emt 00:00:04]} Qxd6 {[%clk 01:33:28]} {[%emt 00:00:06]}
10. O-O {[%clk 01:34:41]} {[%emt 00:00:05]} O-O {[%clk 01:31:01]} {[%emt
00:02:57]} 11. Qe1 {[%clk 01:35:08]} {[%emt 00:00:03]} Bh5 {[%clk 01:28:34]}
{[%emt 00:02:56]} 12. Ne5 {[%clk 01:35:14]} {[%emt 00:00:24]} Bg6 {[%clk
01:28:36]} {[%emt 00:00:28]} 13. Bxg6 {[%clk 01:35:06]} {[%emt 00:00:37]} hxg6
{[%clk 01:29:01]} {[%emt 00:00:06]} 14. f4 {[%clk 01:35:27]} {[%emt 00:00:09]}
Ne7 {[%clk 01:26:38]} {[%emt 00:02:53]} 15. Rf3 {[%clk 01:27:07]} {[%emt
00:08:50]} Rfc8 {[%clk 00:50:27]} {[%emt 00:36:42]} 16. Rh3 {[%clk 01:25:35]}
{[%emt 00:02:01]} Kf8 {[%clk 00:50:45]} {[%emt 00:00:13]} 17. Ndf3 {[%clk
01:21:57]} {[%emt 00:04:07]} Nfg8 {[%clk 00:50:02]} {[%emt 00:01:13]} 18. Qe2
{[%clk 00:59:44]} {[%emt 00:22:44]} f6 {[%clk 00:44:10]} {[%emt 00:06:22]} 19.
Nd3 {[%clk 00:56:50]} {[%emt 00:03:23]} Kf7 {[%clk 00:34:55]} {[%emt 00:09:45]}
20. Re1 {[%clk 00:52:10]} {[%emt 00:05:10]} b6 {[%clk 00:35:00]} {[%emt
00:00:26]} 21. g4 {[%clk 00:46:42]} {[%emt 00:05:58]} Nh6 {[%clk 00:33:05]}
{[%emt 00:02:25]} 22. g5 {[%clk 00:43:45]} {[%emt 00:03:27]} Nhf5 {[%clk
00:33:28]} {[%emt 00:00:06]} 23. gxf6 {[%clk 00:43:47]} {[%emt 00:00:29]} gxf6
{[%clk 00:33:53]} {[%emt 00:00:05]} 24. Rh7+ {[%clk 00:42:58]} {[%emt
00:01:18]} Kg8 {[%clk 00:34:19]} {[%emt 00:00:04]} 25. Rh3 {[%clk 00:43:12]}
{[%emt 00:00:16]} Kf7 {[%clk 00:34:47]} {[%emt 00:00:03]} 1/2-1/2

[Event "DEM U14 2024"]
[Site "Willingen GER"]
[Date "2024.05.22"]
[Round "6"]
[White "Stichter, Constantin Paul"]
[Black "Mündörfer, Sebastian"]
[Result "1/2-1/2"]
[Termination "normal"]
[Board "13"]
[WhiteElo "2022"]
[BlackElo "1914"]
[WhiteClock "00:18:33"]
[BlackClock "00:46:42"]
[PlyCount "44"]
[WhiteFideId "34603140"]
[BlackFideId "34604367"]
[EventCountry "GER"]
[EventRounds "9"]
[EventType "swiss"]
[EventDate "2024.05.18"]

1. e4 {[%clk 01:30:47]} {[%emt 00:00:12]} c6 {[%clk 01:30:57]} {[%emt
00:00:33]} 2. d4 {[%clk 01:31:09]} {[%emt 00:00:09]} d5 {[%clk 01:31:19]}
{[%emt 00:00:07]} 3. exd5 {[%clk 01:31:36]} {[%emt 00:00:03]} cxd5 {[%clk
01:31:43]} {[%emt 00:00:06]} 4. Bd3 {[%clk 01:31:55]} {[%emt 00:00:12]} Nc6
{[%clk 01:32:04]} {[%emt 00:00:08]} 5. c3 {[%clk 01:32:21]} {[%emt 00:00:05]}
Nf6 {[%clk 01:32:28]} {[%emt 00:00:05]} 6. Bf4 {[%clk 01:32:44]} {[%emt
00:00:07]} Bg4 {[%clk 01:32:15]} {[%emt 00:00:42]} 7. Nf3 {[%clk 01:21:06]}
{[%emt 00:12:09]} e6 {[%clk 01:30:49]} {[%emt 00:01:55]} 8. O-O {[%clk
01:20:06]} {[%emt 00:01:31]} Bd6 {[%clk 01:29:13]} {[%emt 00:02:05]} 9. Bxd6
{[%clk 01:18:24]} {[%emt 00:02:13]} Qxd6 {[%clk 01:29:31]} {[%emt 00:00:12]}
10. Nbd2 {[%clk 01:18:39]} {[%emt 00:00:14]} O-O {[%clk 01:28:49]} {[%emt
00:01:12]} 11. Qe1 {[%clk 01:16:47]} {[%emt 00:02:23]} Nd7 {[%clk 01:24:16]}
{[%emt 00:05:03]} 12. Qe3 {[%clk 01:16:35]} {[%emt 00:00:42]} Rab8 {[%clk
01:19:57]} {[%emt 00:04:49]} 13. a4 {[%clk 01:14:43]} {[%emt 00:02:22]} Qc7
{[%clk 01:17:53]} {[%emt 00:02:33]} 14. Qg5 {[%clk 01:13:35]} {[%emt 00:01:39]}
Bxf3 {[%clk 01:18:01]} {[%emt 00:00:23]} 15. Nxf3 {[%clk 01:14:00]} {[%emt
00:00:04]} a6 {[%clk 01:15:41]} {[%emt 00:02:50]} 16. Rfe1 {[%clk 01:01:41]}
{[%emt 00:12:48]} Rfc8 {[%clk 01:11:42]} {[%emt 00:04:29]} 17. Qe3 {[%clk
00:36:48]} {[%emt 00:25:23]} b5 {[%clk 01:06:01]} {[%emt 00:06:12]} 18. axb5
{[%clk 00:36:20]} {[%emt 00:00:58]} axb5 {[%clk 01:05:14]} {[%emt 00:01:17]}
19. b4 {[%clk 00:36:40]} {[%emt 00:00:10]} Qb6 {[%clk 01:02:29]} {[%emt
00:03:15]} 20. Ng5 {[%clk 00:31:09]} {[%emt 00:06:01]} Nf6 {[%clk 00:53:30]}
{[%emt 00:09:29]} 21. f4 {[%clk 00:29:19]} {[%emt 00:02:20]} Ne7 {[%clk
00:46:42]} {[%emt 00:07:18]} 22. Ra3 {[%clk 00:18:33]} {[%emt 00:11:16]} Rc7
{[%emt 00:14:32]} 1/2-1/2

[Event "DEM U14 2024"]
[Site "Willingen GER"]
[Date "2024.05.22"]
[Round "6"]
[White "Stephanblome, Felix"]
[Black "Sickmann, Lisa"]
[Result "1/2-1/2"]
[Termination "normal"]
[Board "14"]
[BlackTitle "WFM"]
[WhiteElo "1869"]
[BlackElo "1980"]
[WhiteClock "00:06:09"]
[BlackClock "00:02:00"]
[PlyCount "77"]
[WhiteFideId "34661026"]
[BlackFideId "16267818"]
[EventCountry "GER"]
[EventRounds "9"]
[EventType "swiss"]
[EventDate "2024.05.18"]

1. d4 {[%clk 01:30:57]} {[%emt 00:00:01]} d5 {[%clk 01:30:57]} {[%emt
00:00:03]} 2. c4 {[%clk 01:31:22]} {[%emt 00:00:05]} e6 {[%clk 01:31:24]}
{[%emt 00:00:04]} 3. Nc3 {[%clk 01:31:47]} {[%emt 00:00:05]} Be7 {[%clk
01:31:50]} {[%emt 00:00:04]} 4. cxd5 {[%clk 01:32:10]} {[%emt 00:00:07]} exd5
{[%clk 01:32:10]} {[%emt 00:00:09]} 5. Bf4 {[%clk 01:32:33]} {[%emt 00:00:07]}
c6 {[%clk 01:32:30]} {[%emt 00:00:11]} 6. e3 {[%clk 01:32:57]} {[%emt
00:00:05]} Bf5 {[%clk 01:32:38]} {[%emt 00:00:22]} 7. Nge2 {[%clk 01:33:10]}
{[%emt 00:00:18]} Nd7 {[%clk 01:31:05]} {[%emt 00:02:02]} 8. Ng3 {[%clk
01:32:06]} {[%emt 00:01:35]} Bg6 {[%clk 01:31:30]} {[%emt 00:00:05]} 9. Be2
{[%clk 01:31:26]} {[%emt 00:01:10]} Ngf6 {[%clk 01:31:40]} {[%emt 00:00:19]}
10. h4 {[%clk 01:31:05]} {[%emt 00:00:51]} h5 {[%clk 01:31:22]} {[%emt
00:00:49]} 11. Rc1 {[%clk 01:29:04]} {[%emt 00:02:31]} a5 {[%clk 01:09:02]}
{[%emt 00:22:51]} 12. a4 {[%clk 01:12:21]} {[%emt 00:17:12]} Qb6 {[%clk
00:52:09]} {[%emt 00:17:21]} 13. Qd2 {[%clk 01:08:12]} {[%emt 00:04:40]} Bb4
{[%clk 00:45:02]} {[%emt 00:07:37]} 14. O-O {[%clk 01:00:05]} {[%emt 00:08:37]}
O-O {[%clk 00:38:49]} {[%emt 00:06:44]} 15. Qd1 {[%clk 00:54:30]} {[%emt
00:06:05]} Be7 {[%clk 00:36:47]} {[%emt 00:02:32]} 16. Qd2 {[%clk 00:54:34]}
{[%emt 00:00:25]} Rfe8 {[%clk 00:33:33]} {[%emt 00:03:44]} 17. Bd3 {[%clk
00:50:13]} {[%emt 00:04:51]} Nf8 {[%clk 00:30:23]} {[%emt 00:03:40]} 18. Nf5
{[%clk 00:48:55]} {[%emt 00:01:48]} Bb4 {[%clk 00:25:21]} {[%emt 00:05:34]} 19.
Qc2 {[%clk 00:34:33]} {[%emt 00:14:51]} Qd8 {[%clk 00:23:06]} {[%emt 00:02:44]}
20. Na2 {[%clk 00:32:39]} {[%emt 00:02:24]} Ne4 {[%clk 00:22:29]} {[%emt
00:01:08]} 21. Bxe4 {[%clk 00:27:38]} {[%emt 00:06:40]} Rxe4 {[%clk 00:16:09]}
{[%emt 00:05:41]} 22. f3 {[%clk 00:27:15]} {[%emt 00:00:52]} Re8 {[%clk
00:15:27]} {[%emt 00:01:12]} 23. Bg5 {[%clk 00:23:51]} {[%emt 00:03:54]} Qd7
{[%clk 00:14:41]} {[%emt 00:01:15]} 24. g4 {[%clk 00:23:48]} {[%emt 00:00:35]}
Ne6 {[%clk 00:10:58]} {[%emt 00:04:13]} 25. gxh5 {[%clk 00:08:34]} {[%emt
00:15:43]} Nxd4 {[%clk 00:06:49]} {[%emt 00:04:40]} 26. exd4 {[%clk 00:08:20]}
{[%emt 00:00:43]} Bxf5 {[%clk 00:07:10]} {[%emt 00:00:09]} 27. Qh2 {[%clk
00:06:13]} {[%emt 00:02:35]} Bd3 {[%clk 00:04:24]} {[%emt 00:04:36]} 28. Rf2
{[%clk 00:06:23]} {[%emt 00:00:03]} Bd6 {[%clk 00:03:02]} {[%emt 00:00:51]} 29.
Bf4 {[%clk 00:06:28]} {[%emt 00:00:25]} Bxf4 {[%clk 00:03:04]} {[%emt
00:00:28]} 30. Qxf4 {[%clk 00:06:55]} {[%emt 00:00:03]} Qf5 {[%clk 00:02:27]}
{[%emt 00:01:06]} 31. Qxf5 {[%clk 00:06:24]} {[%emt 00:01:02]} Bxf5 {[%clk
00:02:52]} {[%emt 00:00:05]} 32. Rg2 {[%clk 00:04:55]} {[%emt 00:01:59]} Re3
{[%clk 00:02:53]} {[%emt 00:03:34]} 33. Kf2 {[%clk 00:05:00]} Rae8 {[%clk
00:03:00]} 34. Rcg1 {[%clk 00:05:10]} {[%emt 00:00:02]} Re2+ {[%clk 00:01:53]}
{[%emt 00:00:14]} 35. Kg3 {[%clk 00:05:39]} Bc2 {[%clk 00:01:15]} {[%emt
00:00:33]} 36. Nc3 {[%clk 00:05:16]} {[%emt 00:00:54]} Rxg2+ 37. Rxg2 {[%clk
00:05:45]} Bb3 {[%clk 00:01:52]} {[%emt 00:00:08]} 38. Kf4 {[%clk 00:05:58]}
{[%emt 00:00:17]} Re1 {[%clk 00:02:00]} {[%emt 00:00:22]} 39. h6 {[%clk
00:06:09]} {[%emt 00:00:19]} 1/2-1/2